[Event "75. LJUBLJANSKA LIGA 2023"]
[Site " gostovanja"]
[Date "2023.01.19"]
[Round "2.4"]
[White "Cizman, Gregor"]
[Black "Khermayer, Maj"]
[Result "0-1"]
[WhiteElo "1499"]
[BlackElo "1000"]
[PlyCount "121"]
[EventDate "2023.01.19"]
[WhiteTeam "KPSRD KAREL JERAJ"]
[BlackTeam "SD DOMZALE"]

1. d4 d5 2. Nf3 c5 3. e3 Bg4 4. Nbd2 Nc6 5. c3 e6 6. h3 Bh5 7. Be2 Bd6 8. O-O
cxd4 9. exd4 Nge7 10. Re1 O-O 11. Bd3 Bc7 12. Qc2 Bg6 13. Nf1 Qd6 14. Qe2 Bxd3
15. Qxd3 Ng6 16. g3 Rfe8 17. Kg2 e5 18. dxe5 Ncxe5 19. Nxe5 Nxe5 20. Qd1 Qc6
21. f3 Nc4 22. b3 Ne5 23. Bf4 Rac8 24. Qd2 d4 25. Bxe5 Bxe5 26. cxd4 Rcd8 27.
Rac1 Qb5 28. Rc4 Qd7 29. d5 Bf6 30. Rce4 Rxe4 31. Rxe4 h6 32. Ne3 b6 33. Qc2
Re8 34. Qc6 Qxc6 35. dxc6 Rc8 36. Rc4 b5 37. Rc2 Bd4 38. Kf2 Bxe3+ 39. Kxe3 Kf8
40. f4 Ke7 41. Ke4 Kd6 42. c7 a5 43. a3 Rxc7 44. Rxc7 Kxc7 45. Kd5 Kb6 46. b4
a4 47. Kd6 f6 48. g4 g6 49. f5 gxf5 50. gxf5 h5 51. h4 Kb7 52. Kc5 Ka6 53. Kc6
Ka7 54. Kxb5 Kb7 55. Kxa4 Ka8 56. Kb5 Kb7 57. a4 Kc8 58. Kc6 Kb8 59. b5 Ka8 60.
Kc7 Ka7 61. b6+ 0-1

[Event "75. LJUBLJANSKA LIGA 2023"]
[Site " gostovanja"]
[Date "2023.01.19"]
[Round "2.1"]
[White "Lanjscek, Miha"]
[Black "Skok, Boris"]
[Result "1-0"]
[WhiteElo "1812"]
[BlackElo "1944"]
[PlyCount "73"]
[EventDate "2023.01.19"]
[WhiteTeam "SK TRZIN PEKOS PUB"]
[BlackTeam "SD CRNI GRABEN"]

1. d4 Nf6 2. c4 e6 3. Nc3 Bb4 4. Qc2 d5 5. cxd5 exd5 6. Bg5 c6 7. e3 Nbd7 8.
Bd3 h6 9. Bh4 O-O 10. Nf3 Re8 11. O-O Be7 12. h3 Nh5 13. Bxe7 Rxe7 14. Rad1
Nhf6 15. b4 b6 16. e4 Bb7 17. e5 Ne8 18. Nh4 Nf8 19. f4 Rc7 20. Qf2 Qe7 21. b5
c5 22. Ne2 cxd4 23. Qg3 Kh8 24. Nf5 Qd8 25. Nexd4 Rc3 26. Qg4 Bc8 27. Qh5 Rc7
28. Nc6 Qd7 29. Nfe7 Rxc6 30. Nxc6 a6 31. f5 axb5 32. f6 Qxc6 33. Qxf7 Qc5+ 34.
Kh1 Be6 35. Qh5 Qc7 36. f7 Qc5 37. fxe8=Q 1-0

[Event "75. LJUBLJANSKA LIGA 2023"]
[Site " gostovanja"]
[Date "2023.01.19"]
[Round "2.2"]
[White "Hribar, Janez"]
[Black "Konvalinka, Kostja"]
[Result "1/2-1/2"]
[WhiteElo "1894"]
[BlackElo "1686"]
[PlyCount "94"]
[EventDate "2023.01.19"]
[WhiteTeam "SD CRNI GRABEN"]
[BlackTeam "SK TRZIN PEKOS PUB"]

1. c4 Nf6 2. Nc3 e6 3. e4 Bb4 4. Qc2 Nc6 5. Nf3 d6 6. d4 h6 7. d5 exd5 8. cxd5
Bxc3+ 9. Qxc3 Nb8 10. Bd3 O-O 11. O-O Re8 12. Re1 Nbd7 13. b4 Ne5 14. Nxe5 dxe5
15. Bb2 Bd7 16. b5 Rc8 17. Qa3 Ra8 18. Rec1 Bc8 19. Qc3 c6 20. bxc6 bxc6 21.
Qxc6 Bd7 22. Qc7 Qxc7 23. Rxc7 Bc8 24. Ba3 a6 25. Bc2 Bd7 26. f3 Rac8 27. Rxc8
Rxc8 28. Bb3 Bb5 29. Rc1 Rxc1+ 30. Bxc1 Nd7 31. a4 Bd3 32. Be3 Kf8 33. Kf2 Ke7
34. Bd1 Kd6 35. Be2 Bxe2 36. Kxe2 f5 37. Kd3 Nf6 38. g3 g5 39. h3 g4 40. hxg4
fxg4 41. fxg4 Nxg4 42. Ba7 Kc7 43. Bc5 Nf6 44. Ke3 Ng4+ 45. Kf3 h5 46. Be7 Kd7
47. Bb4 Kc7 1/2-1/2

[Event "75. LJUBLJANSKA LIGA 2023"]
[Site " gostovanja"]
[Date "2023.01.19"]
[Round "2.3"]
[White "Leben, Dusan"]
[Black "Majcen, Zoran"]
[Result "1-0"]
[WhiteElo "1797"]
[BlackElo "1802"]
[PlyCount "119"]
[EventDate "2023.01.19"]
[WhiteTeam "SK TRZIN PEKOS PUB"]
[BlackTeam "SD CRNI GRABEN"]

1. Nf3 Nf6 2. c4 e6 3. d4 b6 4. g3 Bb7 5. Bg2 c5 6. O-O cxd4 7. Nxd4 Bxg2 8.
Kxg2 Nc6 9. Nc3 a6 10. a3 Bc5 11. Nxc6 dxc6 12. Qc2 O-O 13. Bg5 Be7 14. Rad1
Qc7 15. Rd3 Rfd8 16. Rfd1 Rxd3 17. Rxd3 Rd8 18. Bxf6 Bxf6 19. Ne4 Be7 20. a4
Rxd3 21. Qxd3 Qd8 22. Qxd8+ Bxd8 23. f4 Be7 24. Kf3 Kf8 25. g4 h6 26. Nf2 Bd6
27. Nd3 a5 28. e4 Ke8 29. e5 Be7 30. Ke4 Kd8 31. Kd4 Kc7 32. Ke4 Kd8 33. f5 Kd7
34. h3 Bg5 35. Ne1 Be7 36. Nf3 c5 37. h4 f6 38. h5 Bd8 39. exf6 Bxf6 40. Ne5+
Kd6 41. Nd3 Ke7 42. b3 Kf7 43. Nf4 exf5+ 44. Kxf5 Bg5 45. Ne6 Bf6 46. Nc7 Bh4
47. Nd5 Bd8 48. Nc3 Bh4 49. Ne4 Be7 50. Ke5 g6 51. Nd6+ Bxd6+ 52. Kxd6 gxh5 53.
gxh5 Kf6 54. Kc6 Kg5 55. Kxb6 Kxh5 56. Kxa5 Kg4 57. Kb5 h5 58. a5 h4 59. a6 h3
60. a7 1-0

[Event "75. LJUBLJANSKA LIGA 2023"]
[Site " gostovanja"]
[Date "2023.01.19"]
[Round "2.4"]
[White "Vidergar, Milan"]
[Black "Bajec, Borut"]
[Result "0-1"]
[WhiteElo "1504"]
[BlackElo "1734"]
[PlyCount "34"]
[EventDate "2023.01.19"]
[WhiteTeam "SD CRNI GRABEN"]
[BlackTeam "SK TRZIN PEKOS PUB"]

1. d4 d5 2. c4 e6 3. Nc3 Nf6 4. e3 Be7 5. Bd3 O-O 6. Nge2 Nbd7 7. c5 c6 8. f4
b6 9. b4 a5 10. Ba3 axb4 11. Bxb4 bxc5 12. dxc5 Bxc5 13. Bxc5 Nxc5 14. O-O Nxd3
15. Qxd3 Ba6 16. Qc2 c5 17. Rfd1 Ng4 0-1

[Event "75. LJUBLJANSKA LIGA 2023"]
[Site " gostovanja"]
[Date "2023.01.19"]
[Round "2.1"]
[White "Juhant, Igor"]
[Black "Justin, Matjaz"]
[Result "0-1"]
[WhiteElo "1946"]
[BlackElo "2235"]
[PlyCount "56"]
[EventDate "2023.01.19"]
[WhiteTeam "SK KOMENDA POPOTNIK"]
[BlackTeam "SD VRHNIKA"]

1. e4 c5 2. Nf3 d6 3. Bb5+ Nd7 4. c3 Ngf6 5. Qe2 e5 6. O-O Be7 7. h3 O-O 8. d4
Qc7 9. Rd1 a6 10. Bxd7 Bxd7 11. dxe5 dxe5 12. c4 h6 13. Nc3 Be6 14. Nd5 Bxd5
15. exd5 Bd6 16. Nh4 Kh7 17. Nf5 Ng8 18. Qg4 f6 19. Bd2 g6 20. Nh4 Qf7 21. Ba5
f5 22. Qg3 Nf6 23. Re1 Rae8 24. Bc3 Ne4 25. Qe3 Nxc3 26. Qxc3 e4 27. g3 f4 28.
g4 f3 0-1

[Event "75. LJUBLJANSKA LIGA 2023"]
[Site " gostovanja"]
[Date "2023.01.19"]
[Round "2.2"]
[White "Praznik, Anton"]
[Black "Zidar, Jernej"]
[Result "1/2-1/2"]
[WhiteElo "2078"]
[BlackElo "1815"]
[PlyCount "85"]
[EventDate "2023.01.19"]
[WhiteTeam "SD VRHNIKA"]
[BlackTeam "SK KOMENDA POPOTNIK"]

1. e4 c5 2. Nf3 d6 3. Bb5+ Bd7 4. Bxd7+ Nxd7 5. O-O Ngf6 6. Qe2 g6 7. b3 Bg7 8.
Bb2 O-O 9. c3 e5 10. c4 Nh5 11. g3 f5 12. d3 f4 13. g4 Nhf6 14. g5 Ne8 15. Nc3
Nc7 16. h4 Ne6 17. Kh2 Nd4 18. Qd1 h6 19. Rg1 hxg5 20. Nxg5 Bh6 21. Nd5 Bxg5
22. Bxd4 cxd4 23. Rxg5 Kf7 24. Qg4 Rh8 25. Rg1 Nf8 26. Kg2 Qc8 27. Kf3 Qxg4+
28. R5xg4 Rh6 29. b4 Ne6 30. Rb1 Rah8 31. Rbg1 Ra8 32. Rb1 Rah8 33. Rbg1 Ra8
34. b5 Nc5 35. Ke2 Rah8 36. h5 gxh5 37. Rg7+ Kf8 38. Rc7 R6h7 39. Rc8+ Kf7 40.
Rc7+ Kf8 41. Rc8+ Kf7 42. Rc7+ Kf8 43. Rc8+ 1/2-1/2

[Event "75. LJUBLJANSKA LIGA 2023"]
[Site " gostovanja"]
[Date "2023.01.19"]
[Round "2.3"]
[White "Dolzan, Mark"]
[Black "Glavac, Klavdij"]
[Result "0-1"]
[WhiteElo "1290"]
[BlackElo "1649"]
[PlyCount "68"]
[EventDate "2023.01.19"]
[WhiteTeam "SK KOMENDA POPOTNIK"]
[BlackTeam "SD VRHNIKA"]

1. e4 e5 2. Nf3 Nc6 3. Bc4 Bc5 4. Nc3 d6 5. h3 a6 6. d3 Na5 7. Bb3 Nxb3 8. axb3
h6 9. O-O Nf6 10. Qe2 Be6 11. Be3 Bxe3 12. Qxe3 Qd7 13. d4 exd4 14. Nxd4 O-O
15. f4 Qe7 16. Rf3 Bd7 17. Rg3 Nh5 18. Rf3 Rae8 19. Nd5 Qxe4 20. Qxe4 Rxe4 21.
Rd1 c5 22. Nb6 Bxh3 23. Rxh3 Nxf4 24. Rh4 cxd4 25. g3 Ne2+ 26. Kf2 Rxh4 27.
gxh4 Nf4 28. Rxd4 Ng6 29. h5 Ne5 30. Rxd6 f5 31. Rd5 Ng4+ 32. Kf3 Nf6 33. Rxf5
Nxh5 34. Rxf8+ Kxf8 0-1

[Event "75. LJUBLJANSKA LIGA 2023"]
[Site " gostovanja"]
[Date "2023.01.19"]
[Round "2.4"]
[White "Sever, Gasper"]
[Black "Lapanje, Ajda"]
[Result "1-0"]
[WhiteElo "1277"]
[BlackElo "1022"]
[PlyCount "75"]
[EventDate "2023.01.19"]
[WhiteTeam "SD VRHNIKA"]
[BlackTeam "SK KOMENDA POPOTNIK"]

1. e4 e5 2. Nf3 Nc6 3. Bb5 Bb4 4. c3 Bc5 5. O-O d6 6. d4 exd4 7. cxd4 Bb6 8. d5
a6 9. Ba4 Bd7 10. dxc6 Bxc6 11. Bb3 Nf6 12. Nc3 O-O 13. Qc2 d5 14. exd5 Bxd5
15. Bxd5 Nxd5 16. Rd1 c6 17. Nxd5 cxd5 18. Qd3 Qc7 19. b3 Rad8 20. Bb2 f6 21.
Nd4 Qd6 22. Re1 Rd7 23. Re6 Qc5 24. Rc1 Qb4 25. a3 Qa5 26. b4 Qa4 27. Rxb6 Re7
28. Nf5 Rd7 29. Rc5 Rfd8 30. Ra5 Qxa5 31. bxa5 Re8 32. Kf1 Rc8 33. Rxb7 Rxb7
34. Nd6 Rxb2 35. Qxd5+ Kh8 36. Nf7+ Kg8 37. Nh6+ Kh8 38. Qg8+ 1-0

[Event "75. LJUBLJANSKA LIGA 2023"]
[Site " gostovanja"]
[Date "2023.01.26"]
[Round "3.1"]
[White "Coklin, Marko"]
[Black "Janzelj, Tim"]
[Result "0-1"]
[WhiteElo "2129"]
[BlackElo "2469"]
[PlyCount "34"]
[EventDate "2023.01.26"]
[WhiteTeam "SK TRZIN BUSCOTRADE"]
[BlackTeam "SK IG"]

1. d4 d5 2. c4 e6 3. Nf3 c6 4. cxd5 exd5 5. Bf4 Bd6 6. Bg3 Nf6 7. Nc3 O-O 8. e3
Bf5 9. Bd3 Bxd3 10. Qxd3 Re8 11. O-O Bxg3 12. hxg3 Nbd7 13. Rfe1 Ne4 14. Nd2 f5
15. Nf3 Re6 16. b4 Rh6 17. b5 Rh1+ 0-1

[Event "75. LJUBLJANSKA LIGA 2023"]
[Site " gostovanja"]
[Date "2023.01.26"]
[Round "3.2"]
[White "Jelen, Igor"]
[Black "Lah, Emil"]
[Result "1-0"]
[WhiteElo "2313"]
[BlackElo "1951"]
[PlyCount "109"]
[EventDate "2023.01.26"]
[WhiteTeam "SK IG"]
[BlackTeam "SK TRZIN BUSCOTRADE"]

1. d4 d5 2. c4 c6 3. Nc3 Nf6 4. e3 e6 5. Nf3 Nbd7 6. Be2 Bd6 7. O-O O-O 8. b3
Re8 9. Bb2 Qc7 10. h3 dxc4 11. bxc4 e5 12. Qc2 exd4 13. exd4 Nf8 14. Rfe1 Ng6
15. Bf1 Bd7 16. Ng5 Bb4 17. Qb3 Bxc3 18. Qxc3 h6 19. Nf3 Bf5 20. Ne5 Ne4 21.
Qf3 Nh4 22. Qh5 g5 23. Bd3 Rxe5 24. dxe5 Bg6 25. Qe2 Nc5 26. Bxg6 Nxg6 27. Qe3
b6 28. Rad1 Re8 29. Qd4 Ne6 30. Qd7 Qb8 31. Qxc6 Rc8 32. Qe4 Qc7 33. Rc1 Nc5
34. Qf3 Ne6 35. g3 Qc5 36. Red1 Rc7 37. Qd5 Qb4 38. Qb5 Qe7 39. Rd5 h5 40. Rcd1
Ngf8 41. R1d3 a6 42. Qxb6 Rb7 43. Ba3 Qxa3 44. Qxb7 Qc1+ 45. Rd1 Qxc4 46. Qb3
Qe4 47. Qd3 Qa4 48. Rd2 h4 49. Qf3 hxg3 50. fxg3 Qb4 51. Rf2 Qb1+ 52. Kh2 Qh7
53. a4 Qg6 54. Qf5 Qg7 55. a5 1-0

[Event "75. LJUBLJANSKA LIGA 2023"]
[Site " gostovanja"]
[Date "2023.01.26"]
[Round "3.2"]
[White "Krupenko, Peter"]
[Black "Rozic, Samo"]
[Result "0-1"]
[WhiteElo "1976"]
[BlackElo "2127"]
[PlyCount "152"]
[EventDate "2023.01.26"]
[WhiteTeam "SK TRZIN BUSCOTRADE"]
[BlackTeam "SK IG"]

1. Nf3 g6 2. c4 Bg7 3. Nc3 d6 4. d4 Nf6 5. g3 O-O 6. Bg2 Nbd7 7. O-O c6 8. Bg5
h6 9. Bf4 Nh5 10. Bd2 e5 11. e3 Qe7 12. Nh4 Kh7 13. d5 c5 14. Nf5 gxf5 15. Qxh5
Nf6 16. Qh4 Ng8 17. Qh5 Nf6 18. Qh4 Ng8 19. Qxe7 Nxe7 20. b4 b6 21. Nb5 Rd8 22.
bxc5 bxc5 23. Ba5 Rd7 24. Rab1 Rb8 25. Nc7 Rxb1 26. Rxb1 e4 27. Rb8 Bc3 28. Ne8
Be5 29. g4 Ba6 30. gxf5 Bxc4 31. f6 Ng6 32. Bxe4 Bxa2 33. f4 Ba1 34. Bc7 c4 35.
Bxd6 c3 36. Bf5 Rxd6 37. Nxd6 Bxd5 38. Bc2 Bb2 39. e4 Ba2 40. e5 Bc1 41. Rb7
Kg8 42. Rb8+ Kh7 43. Rb7 Kg8 44. Nf5 Bxf4 45. Rxa7 Be6 46. Ra8+ Kh7 47. Ra5
Bxe5 48. Ne7 Bxf6 49. Nxg6 fxg6 50. Ra6 Bd4+ 51. Kg2 Bf7 52. Kf3 Kg7 53. Ke4
Bf6 54. Ra7 Kf8 55. Kf4 Bd4 56. Rc7 Bf6 57. h3 Bd4 58. Ke4 Bf6 59. Ba4 Be6 60.
Bd7 Bd8 61. Bxe6 Bxc7 62. Bb3 Ke7 63. Bc2 Kf6 64. Kf3 Kg5 65. h4+ Kh5 66. Kg2
Bd8 67. Bd1+ Kxh4 68. Bc2 g5 69. Bd3 g4 70. Be4 h5 71. Bd3 Kg5 72. Bc2 h4 73.
Bd1 h3+ 74. Kg3 Bc7+ 75. Kf2 g3+ 76. Kg1 Bb6+ 0-1

[Event "75. LJUBLJANSKA LIGA 2023"]
[Site " gostovanja"]
[Date "2023.01.26"]
[Round "3.4"]
[White "Rozic, Adrijan"]
[Black "Krumpak, Hinko"]
[Result "1-0"]
[WhiteElo "2067"]
[BlackElo "2043"]
[PlyCount "98"]
[EventDate "2023.01.26"]
[WhiteTeam "SK IG"]
[BlackTeam "SK TRZIN BUSCOTRADE"]

1. e4 d5 2. exd5 Qxd5 3. Nc3 Qd6 4. Nf3 Nf6 5. Be2 a6 6. O-O Nc6 7. a3 e5 8.
Re1 Be7 9. d3 Bf5 10. Be3 O-O 11. h3 e4 12. Nh4 exd3 13. Nxf5 dxe2 14. Qxe2 Qe6
15. Qf3 Ne5 16. Nxe7+ Qxe7 17. Qf5 Rfe8 18. Rad1 Qe6 19. Qxe6 Rxe6 20. Bd4 Ned7
21. Rxe6 fxe6 22. Re1 Kf7 23. Ne4 Nxe4 24. Rxe4 Re8 25. c4 Nf6 26. Re2 Rd8 27.
Bc3 Rd1+ 28. Kh2 Rd3 29. g3 h6 30. Kg2 Ke7 31. g4 c6 32. f4 b5 33. f5 bxc4 34.
Rxe6+ Kd7 35. Kh2 Rd6 36. Re2 Rd3 37. Be5 Ke7 38. Kg2 Kf7 39. Rc2 Nd5 40. Kf2
Ne3 41. Re2 Nd5 42. h4 c3 43. g5 hxg5 44. hxg5 Ne7 45. g6+ Kf8 46. Bxc3 c5 47.
Bxg7+ Kxg7 48. Rxe7+ Kf8 49. f6 Rd6 1-0

[Event "75. LJUBLJANSKA LIGA 2023"]
[Site " gostovanja"]
[Date "2023.01.26"]
[Round "3.1"]
[White "Markun, Ozbej"]
[Black "Skok, Joze"]
[Result "0-1"]
[WhiteElo "1958"]
[BlackElo "1940"]
[PlyCount "81"]
[EventDate "2023.01.26"]
[WhiteTeam "SS TOMO ZUPAN KRANJ"]
[BlackTeam "SD DOMZALE"]

1. Nf3 d5 2. g3 Nf6 3. Bg2 g6 4. O-O c5 5. d3 Bg7 6. Nbd2 O-O 7. e4 Nc6 8. Re1
Bg4 9. h3 Bxf3 10. Qxf3 e6 11. Qd1 dxe4 12. Nxe4 Nxe4 13. Bxe4 Qd7 14. Rb1 Rac8
15. Be3 b6 16. Qd2 f5 17. Bg2 Rfe8 18. a3 Bf6 19. Bg5 Qe7 20. Bxf6 Qxf6 21. Qf4
Qd4 22. Qxd4 Nxd4 23. c3 Nc6 24. f4 Kg7 25. Re3 Kf6 26. Rbe1 Re7 27. Bf3 Nd8
28. Bd5 Rcc7 29. Bc4 Red7 30. Kf2 Rd6 31. g4 h6 32. Rg3 Nc6 33. g5+ hxg5 34.
Rxg5 e5 35. Reg1 Rg7 36. Kf3 exf4 37. Kxf4 Ne5 38. h4 Rh7 39. h5 Rxh5 40. Rxh5
gxh5 41. Rg5 0-1

[Event "75. LJUBLJANSKA LIGA 2023"]
[Site " gostovanja"]
[Date "2023.01.26"]
[Round "3.2"]
[White "Markosek, Maj"]
[Black "Susnik, Matej"]
[Result "1/2-1/2"]
[WhiteElo "1934"]
[BlackElo "2048"]
[PlyCount "86"]
[EventDate "2023.01.26"]
[WhiteTeam "SD DOMZALE"]
[BlackTeam "SS TOMO ZUPAN KRANJ"]

1. d4 e6 2. c4 c5 3. d5 exd5 4. cxd5 d6 5. Nc3 g6 6. e4 Bg7 7. f3 a6 8. a4 Qh4+
9. g3 Qe7 10. Be3 Nf6 11. Nh3 O-O 12. Nf2 Nbd7 13. Be2 Rb8 14. O-O Ne8 15. Qd2
f5 16. exf5 Rxf5 17. f4 Rf8 18. Rae1 Qd8 19. Nce4 Ndf6 20. Ng5 Nc7 21. Rd1 Re8
22. Rfe1 b5 23. axb5 axb5 24. Bf3 Bb7 25. Ng4 Nfxd5 26. Bf2 Qd7 27. Rxe8+ Rxe8
28. b4 h6 29. Ne4 h5 30. Ngf6+ Nxf6 31. Nxf6+ Bxf6 32. Bxb7 cxb4 33. Qc2 Qf7
34. Bb6 Rb8 35. Qc6 Ne8 36. Bc8 b3 37. f5 gxf5 38. Bxf5 Qb7 39. Qxb7 Rxb7 40.
Bd4 Bxd4+ 41. Rxd4 Rc7 42. Rb4 Ng7 43. Be4 Rc5 1/2-1/2

[Event "75. LJUBLJANSKA LIGA 2023"]
[Site " gostovanja"]
[Date "2023.01.26"]
[Round "3.3"]
[White "Smirnov, Maksim"]
[Black "Markosek, Bine"]
[Result "1/2-1/2"]
[WhiteElo "1405"]
[BlackElo "1865"]
[PlyCount "72"]
[EventDate "2023.01.26"]
[WhiteTeam "SS TOMO ZUPAN KRANJ"]
[BlackTeam "SD DOMZALE"]

1. d4 d5 2. Bf4 Nf6 3. Nf3 e6 4. e3 Be7 5. Be2 b6 6. Nbd2 Bb7 7. h3 Nbd7 8. O-O
O-O 9. a4 c5 10. c3 Ne4 11. Ne5 Nxe5 12. Bxe5 f6 13. Bh2 Nxd2 14. Qxd2 Bd6 15.
Bxd6 Qxd6 16. b4 Rac8 17. a5 Rc7 18. dxc5 bxc5 19. Rfb1 cxb4 20. cxb4 Rfc8 21.
Bd3 Kh8 22. Rc1 d4 23. Rxc7 Rxc7 24. Rd1 Qd5 25. f3 g6 26. Qe2 e5 27. Be4 Qd7
28. Bxb7 Rxb7 29. exd4 exd4 30. Qc4 Qe7 31. Rxd4 Rc7 32. Qd5 Rc1+ 33. Kh2 Qc7+
34. Qd6 Kg7 35. Qxc7+ Rxc7 36. b5 Kf7 1/2-1/2

[Event "75. LJUBLJANSKA LIGA 2023"]
[Site " gostovanja"]
[Date "2023.01.26"]
[Round "3.4"]
[White "Zmaucar, Miha"]
[Black "Demsar, Maks"]
[Result "1/2-1/2"]
[WhiteElo "1635"]
[BlackElo "1442"]
[PlyCount "186"]
[EventDate "2023.01.26"]
[WhiteTeam "SD DOMZALE"]
[BlackTeam "SS TOMO ZUPAN KRANJ"]

1. d4 Nf6 2. c4 c5 3. d5 b5 4. cxb5 a6 5. bxa6 g6 6. Nc3 Bxa6 7. Nf3 d6 8. e4
Bxf1 9. Kxf1 Bg7 10. g3 O-O 11. Kg2 Nbd7 12. Qc2 Ng4 13. Re1 Nge5 14. Nxe5 Nxe5
15. f4 Nd7 16. b3 Qa5 17. Bb2 c4 18. Rec1 Rfc8 19. Na4 Bxb2 20. Qxb2 Rab8 21.
Qd4 cxb3 22. axb3 Rxc1 23. Rxc1 Nf6 24. Rc3 Rb4 25. Rc8+ Kg7 26. Qc3 Qb5 27.
Rc4 Rxb3 28. Qd4 h5 29. Nc3 Qb6 30. Qxb6 Rxb6 31. h3 Rb7 32. e5 dxe5 33. fxe5
Nd7 34. Re4 Rb2+ 35. Kf1 Rb3 36. Ne2 Rb1+ 37. Kf2 Rd1 38. Nf4 Nb6 39. Ke2 Nxd5
40. Rc4 Nxf4+ 41. Kxd1 Nxh3 42. Rc7 e6 43. Ke2 h4 44. gxh4 g5 45. Rc4 gxh4 46.
Rg4+ Kf8 47. Rxh4 Ng5 48. Ke3 Kg7 49. Kf4 Nh7 50. Rg4+ Kf8 51. Rg1 Ke7 52. Rc1
Nf8 53. Rc7+ Nd7 54. Ra7 Ke8 55. Ra8+ Ke7 56. Rh8 Nf8 57. Ke4 Ke8 58. Kd4 Ke7
59. Rg8 Nd7 60. Rg5 Ke8 61. Kc4 Kf8 62. Kb5 f6 63. exf6 Nxf6 64. Kc6 Kf7 65.
Rg1 Ne8 66. Kd7 Nf6+ 67. Kd6 Ne8+ 68. Ke5 Nc7 69. Ra1 Ke7 70. Rh1 Kd7 71. Rh7+
Kc6 72. Re7 Nb5 73. Rxe6+ Kc5 74. Re8 Kc4 75. Rb8 Nc3 76. Rc8+ Kd3 77. Rc5 Ne2
78. Ra5 Nc3 79. Ra1 Kc4 80. Rc1 Kd3 81. Rh1 Kc4 82. Rh3 Nb5 83. Rg3 Nc3 84. Rf3
Nb5 85. Rh3 Nc3 86. Kd6 Nb5+ 87. Kc6 Nd4+ 88. Kb6 Kd5 89. Rh5+ Kc4 90. Ra5 Kd3
91. Ra3+ Kc4 92. Re3 Kd5 93. Re8 Kc4 {nejasno (98)} 1/2-1/2

[Event "75. LJUBLJANSKA LIGA 2023"]
[Site " gostovanja"]
[Date "2023.01.26"]
[Round "3.1"]
[White "Siraj, Svit"]
[Black "Jukan, Nesib"]
[Result "1-0"]
[WhiteElo "2088"]
[BlackElo "1946"]
[PlyCount "53"]
[EventDate "2023.01.26"]
[WhiteTeam "SD VRHNIKA"]
[BlackTeam "SK TRZIN PEKOS PUB"]

1. e4 e5 2. Nf3 Nf6 3. Nc3 Bb4 4. Nd5 Nxd5 5. exd5 e4 6. Nd4 Bc5 7. Nb3 Bb6 8.
a4 a5 9. c4 d6 10. d4 exd3 11. Bxd3 Qe7+ 12. Qe2 Qxe2+ 13. Kxe2 O-O 14. Be3 Re8
15. Kd2 Bxe3+ 16. fxe3 Na6 17. Nxa5 Nc5 18. b4 Rxa5 19. bxa5 Nb3+ 20. Ke2 Bg4+
21. Kf2 Nxa1 22. Rxa1 Ra8 23. Rb1 Bc8 24. Rb5 Ra7 25. c5 Bd7 26. c6 Bc8 27. Bf5
1-0

[Event "75. LJUBLJANSKA LIGA 2023"]
[Site " gostovanja"]
[Date "2023.01.26"]
[Round "3.2"]
[White "Lanjscek, Miha"]
[Black "Siraj, Anej"]
[Result "0-1"]
[WhiteElo "1812"]
[BlackElo "2055"]
[PlyCount "166"]
[EventDate "2023.01.26"]
[WhiteTeam "SK TRZIN PEKOS PUB"]
[BlackTeam "SD VRHNIKA"]

1. d4 d5 2. c4 e6 3. Nc3 Nf6 4. cxd5 exd5 5. Bg5 Be7 6. Qc2 c6 7. e3 Nbd7 8.
Bd3 Nf8 9. Nf3 h6 10. Bh4 Ne6 11. O-O Ng5 12. Ne5 Nfe4 13. f4 Nh3+ 14. gxh3
Bxh4 15. Nxe4 dxe4 16. Bxe4 Bxh3 17. Bg2 Bxg2 18. Qxg2 O-O 19. Qg4 Re8 20. Qh5
Qe7 21. Rf3 Bf6 22. Rg3 Bxe5 23. dxe5 Qe6 24. Qe2 Rad8 25. Qg2 g6 26. Qf2 Kh7
27. a3 Rd7 28. Re1 Red8 29. Re2 Qc4 30. h3 Rd1+ 31. Kh2 Qc1 32. Rg1 Rxg1 33.
Qxg1 Rd1 34. Qf2 Rf1 35. Qh4 Rh1+ 36. Kg3 Qf1 37. Rf2 Rg1+ 38. Kh2 Rh1+ 39. Kg3
Qg1+ 40. Kf3 Qd1+ 41. Kg3 Qd5 42. Rg2 Qe4 43. Kf2 Rb1 44. Kg3 Qxe3+ 45. Kh2 Rf1
46. Rxg6 Qxf4+ 47. Qxf4 Rxf4 48. Rd6 Rf2+ 49. Kg3 Rxb2 50. Kf4 Rf2+ 51. Kg4 a5
52. Rd7 b5 53. Rc7 Rc2 54. e6 Kg7 55. e7 Re2 56. Rxc6 Rxe7 57. Ra6 a4 58. Rb6
Re3 59. Rxb5 Rxa3 60. h4 Rb3 61. Ra5 Rb4+ 62. Kh3 Re4 63. Ra6 Kf8 64. Rxh6 Re5
65. Kg4 Ra5 66. Rd6 a3 67. Rd1 a2 68. Ra1 Kg7 69. Kf4 Kg6 70. Kg4 Ra4+ 71. Kf3
Kh5 72. Kg3 f5 73. Kf3 Kxh4 74. Ke3 f4+ 75. Kf3 Kg5 76. Rg1+ Kf5 77. Ra1 Ra3+
78. Ke2 f3+ 79. Kf2 Kf4 80. Rg1 a1=Q 81. Rg4+ Ke5 82. Rg5+ Ke4 83. Rg4+ Kd3 0-1

[Event "75. LJUBLJANSKA LIGA 2023"]
[Site " gostovanja"]
[Date "2023.01.26"]
[Round "3.3"]
[White "Okorn, Nejc"]
[Black "Konvalinka, Kostja"]
[Result "0-1"]
[WhiteElo "1854"]
[BlackElo "1686"]
[PlyCount "101"]
[EventDate "2023.01.26"]
[WhiteTeam "SD VRHNIKA"]
[BlackTeam "SK TRZIN PEKOS PUB"]

1. e4 c5 2. Nc3 d6 3. g3 Nc6 4. Bg2 Nf6 5. d3 e6 6. Nge2 Be7 7. Be3 d5 8. d4
cxd4 9. Nxd4 Nxd4 10. Qxd4 dxe4 11. Qxd8+ Bxd8 12. Nxe4 Nxe4 13. Bxe4 O-O 14.
O-O-O Be7 15. Rd3 Rd8 16. Rhd1 Rxd3 17. Rxd3 e5 18. Rb3 Rb8 19. Bxa7 Ra8 20.
Be3 Rxa2 21. Bxb7 Be6 22. Rb6 Ra1+ 23. Kd2 Bd8 24. Ra6 Ba5+ 25. c3 h5 26. b4
Ra2+ 27. Kc1 Bc7 28. b5 Ba5 29. Be4 g6 30. b6 Bxb6 31. Rxb6 Kg7 32. Rb2 Ra1+
33. Kd2 Bc4 34. Bd3 Be6 35. c4 e4 36. Bxe4 Bxc4 37. Rc2 Ra4 38. Bc6 Ra2 39.
Bd4+ Kh6 40. Rxa2 Bxa2 41. Ke3 g5 42. Ke4 Kg6 43. Bd5 Bb1+ 44. Ke5 f6+ 45. Ke6
f5 46. Ke5 Bc2 47. h3 Bd3 48. g4 fxg4 49. hxg4 Be2 50. Be4+ Kh6 51. gxh5 0-1

[Event "75. LJUBLJANSKA LIGA 2023"]
[Site " gostovanja"]
[Date "2023.01.26"]
[Round "3.4"]
[White "Markic, Vladimir"]
[Black "Sirk, Matija"]
[Result "1/2-1/2"]
[WhiteElo "1596"]
[BlackElo "1535"]
[PlyCount "53"]
[EventDate "2023.01.26"]
[WhiteTeam "SK TRZIN PEKOS PUB"]
[BlackTeam "SD VRHNIKA"]

1. d4 Nf6 2. e3 d6 3. Nf3 Bf5 4. Bd3 Bxd3 5. Qxd3 Nbd7 6. O-O e5 7. dxe5 Nxe5
8. Nxe5 dxe5 9. Qb5+ Nd7 10. Qxb7 Bd6 11. Nc3 O-O 12. b3 Nc5 13. Qf3 e4 14. Qh3
Be5 15. Bb2 Qf6 16. Nd5 Bxh2+ 17. Qxh2 Qxb2 18. Qxc7 Ne6 19. Qc3 Qxc3 20. Nxc3
Rfc8 21. Nxe4 Rxc2 22. Rfc1 Rac8 23. Rxc2 Rxc2 24. Nd6 Kf8 25. Nc4 Nc5 26. Na3
Rb2 27. Nc4 1/2-1/2

[Event "75. LJUBLJANSKA LIGA 2023"]
[Site " gostovanja"]
[Date "2023.01.26"]
[Round "3.1"]
[White "Bandelj, Mirko"]
[Black "Poglajen, Franc"]
[Result "1/2-1/2"]
[WhiteElo "1952"]
[BlackElo "1741"]
[PlyCount "36"]
[EventDate "2023.01.26"]
[WhiteTeam "SK DOL PRI LJUBLJANI"]
[BlackTeam "SK KOMENDA POGI"]

1. e4 c5 2. Nf3 Nc6 3. d4 cxd4 4. Nxd4 d6 5. Nc3 Bd7 6. Bc4 g6 7. Be3 Bg7 8.
Qd2 a6 9. f4 b5 10. Bd5 Rc8 11. Nxc6 Bxc6 12. Bxc6+ Rxc6 13. O-O Nf6 14. Qd3
O-O 15. Rae1 Nd7 16. Nd1 Nc5 17. Bxc5 Rxc5 18. c3 Qb6 1/2-1/2

[Event "75. LJUBLJANSKA LIGA 2023"]
[Site " gostovanja"]
[Date "2023.01.26"]
[Round "3.2"]
[White "Cimperman, Teo"]
[Black "Kosem, Rok"]
[Result "1/2-1/2"]
[WhiteElo "1532"]
[BlackElo "1588"]
[PlyCount "92"]
[EventDate "2023.01.26"]
[WhiteTeam "SK KOMENDA POGI"]
[BlackTeam "SK DOL PRI LJUBLJANI"]

1. e4 c5 2. Nf3 Nc6 3. d4 cxd4 4. Nxd4 e5 5. Nb5 d6 6. N1c3 a6 7. Na3 h6 8. Be3
Nf6 9. f3 b5 10. Nd5 Rb8 11. Qd2 Nxd5 12. exd5 Ne7 13. Be2 Ng6 14. O-O Be7 15.
c4 b4 16. Nc2 a5 17. Bd3 O-O 18. b3 Bd7 19. a3 bxa3 20. Rxa3 Ra8 21. Rfa1 Nf4
22. Bxf4 exf4 23. Qxf4 Qb6+ 24. Qe3 Qxe3+ 25. Nxe3 Bf6 26. Re1 Bd4 27. Kh1 Bc3
28. Re2 Rfe8 29. Nd1 Rxe2 30. Bxe2 Bb4 31. Ra2 Re8 32. Nf2 Bf5 33. g4 Bg6 34.
Kg2 Re3 35. Bd1 Bd3 36. Kg3 g5 37. Nxd3 Rxd3 38. Bc2 Rd2 39. Bb1 Rxa2 40. Bxa2
Bd2 41. Kf2 Kg7 42. Ke2 Bf4 43. h3 Kf6 44. Kd3 Ke5 45. Bb1 Bc1 46. Bc2 Bb2
1/2-1/2